Statistics for Dead Actors #2

Click here to take the quiz!

General Stats

  • This quiz has been taken 34 times
  • The average score is 5 of 14

Answer Stats

Answer% Correct
Charlie Chaplin
100%
Lucille Ball
60%
Bea Arthur
47%
Bela Lugosi
43%
Mary Tyler Moore
40%
Valerie Harper
40%
Joan Rivers
37%
Ted Knight
33%
Desi Arnaz
27%
Rip Torn
27%
Georgia Engel
23%
Raul Julia
23%
Estelle Getty
17%
Judith Malina
0%

Score Distribution

Percentile by Number Answered

Percent of People with Each Score

Your Score History

You have not taken this quiz